| 000 | 00381nam a22001457a 4500 | ||
|---|---|---|---|
| 005 | 20171003101142.0 | ||
| 008 | 171003b xxu||||| |||| 00| 0 eng d | ||
| 040 | _cPK-LaUMT | ||
| 082 |
_aPKAC 297.0917671 _bJAM-D |
||
| 100 | _aJames Kirtzec | ||
| 245 |
_aDuniya e Islam/ _cJames Kirtzec |
||
| 260 |
_aلاہور: _bمقبول اکیڈمی، _c[ ] |
||
| 300 | _a517 ص | ||
| 942 | _cBK | ||
| 999 |
_c98717 _d98717 |
||